[Event "GRE-chT 42nd"]
[Site "Porto Rio"]
[Date "2014.06.30"]
[Round "4.10"]
[White "Liakos, Christos Konstanti"]
[Black "Zaharatos, Andreas"]
[Result "0-1"]
[WhiteElo "1314"]
[BlackElo "1338"]
[PlyCount "148"]
[EventDate "2014.06.28"]
[EventType "team-swiss"]
[EventRounds "7"]
[EventCountry "GRE"]
[SourceTitle "CBM 161 Extra"]
[Source "ChessBase"]
[SourceDate "2014.08.29"]
[SourceVersion "1"]
[SourceVersionDate "2014.08.29"]
[SourceQuality "1"]
[WhiteTeam "Kalamata Poseidon"]
[BlackTeam "Glyfadas Zenon"]
[WhiteTeamCountry "GRE"]
[BlackTeamCountry "GRE"]

1. d4 Nf6 2. c4 g6 3. Nc3 Bg7 4. e4 d6 5. Nf3 0-0 6. Bd3 c5 7. dxc5 dxc5 8. 0-0 Nc6 9. Bg5 b6 10. a3 Bb7 11. Qe2 Re8 12. Rad1 Qb8 13. Rfe1 e6 14. e5 Ng4 15. Bf4 Nh6 16. Be4 Nf5 17. Qd2 Rd8 18. Qc1 Ncd4 19. Bxb7 Qxb7 20. Nxd4 Rxd4 21. Rxd4 Nxd4 22. Qe3 Rd8 23. Rd1 Qd7 24. Bg5 Rb8 25. Nb5 h6 26. Bf4 Rd8 27. h3 Nf3+ 28. Qxf3 Qxd1+ 29. Qxd1 Rxd1+ 30. Kh2 a6 31. Nc7 Rd4 32. Bg3 Rxc4 33. Nxa6 Rc2 34. b4 cxb4 35. axb4 Ra2 36. Nb8 Rb2 37. Nc6 Bf8 38. Bf4 Rxf2 39. Be3 Rb2 40. Bxb6 Bxb4 41. Be3 Bd2 42. Bd4 Bf4+ 43. Kg1 Rb5 44. Kf2 Bc1 45. Kf3 Bb2 46. Be3 g5 47. Ke4 Kf8 48. h4 gxh4 49. Bxh6+ Ke8 50. Bg5 Kd7 51. Nd4 Rb4 52. Be3 Bxd4 53. Bxd4 Kc6 54. Ke3 Rxd4 55. Kxd4 Kb5 56. Ke4 Kc4 57. Kf4 Kd4 58. Kg4 Kxe5 59. Kxh4 Kf4 60. g3+ Kf3 61. g4 e5 62. Kg5 e4 63. Kf5 e3 64. g5 e2 65. Kf6 e1Q 66. Kxf7 Kg4 67. g6 Qf2+ 68. Kg8 Kg5 69. Kg7 Qf6+ 70. Kh7 Qxg6+ 71. Kh8 Qf6+ 72. Kg8 Qe7 73. Kh8 Kg6 74. Kg8 Qg7# 0-1

[Event "GRE-chT 42nd"]
[Site "Porto Rio"]
[Date "2014.06.28"]
[Round "1.10"]
[White "Papakonstantinou, Georgios"]
[Black "Zaharatos, Andreas"]
[Result "1-0"]
[WhiteElo "1310"]
[BlackElo "1338"]
[PlyCount "63"]
[EventDate "2014.06.28"]
[EventType "team-swiss"]
[EventRounds "7"]
[EventCountry "GRE"]
[SourceTitle "CBM 161 Extra"]
[Source "ChessBase"]
[SourceDate "2014.08.29"]
[SourceVersion "1"]
[SourceVersionDate "2014.08.29"]
[SourceQuality "1"]
[WhiteTeam "Irakleiou CN"]
[BlackTeam "Glyfadas Zenon"]
[WhiteTeamCountry "GRE"]
[BlackTeamCountry "GRE"]

1. e4 e5 2. Nf3 Nc6 3. d4 exd4 4. Bc4 Bb4+ 5. c3 dxc3 6. bxc3 Be7 7. Qd5 Nh6 8. Bxh6 0-0 9. Be3 d6 10. Qh5 h6 11. Nd4 Ne5 12. Qe2 Nxc4 13. Qxc4 Qd7 14. Nf5 b6 15. Nxe7+ Qxe7 16. Nd2 Bb7 17. f3 Kh8 18. Qd4 Kh7 19. Nf1 Rae8 20. Ng3 g6 21. Qd2 h5 22. Bg5 f6 23. Bh6 Rg8 24. Be3 d5 25. Kf2 dxe4 26. fxe4 Bxe4 27. Nxe4 Qxe4 28. Rae1 Qc4 29. Qd7+ Kh8 30. Bd4 Qxa2+ 31. Kf3 Ref8 32. Re7 1-0